Molecular marker analysis of Helianthus annuus L. 2. Construction of an RFLP linkage map for cultivated sunflower (Record no. 63201)

MARC details
000 -LEADER
fixed length control field 00418nam a2200133Ia 4500
100 ## - MAIN ENTRY--AUTHOR NAME
Personal name Berry S T
245 #0 - TITLE STATEMENT
Title Molecular marker analysis of Helianthus annuus L. 2. Construction of an RFLP linkage map for cultivated sunflower
260 ## - PUBLICATION, DISTRIBUTION, ETC. (IMPRINT)
Name of publisher Theoretical and Applied Genetics
Year of publication 1995
300 ## - PHYSICAL DESCRIPTION
Number of Pages 195-199
650 ## - SUBJECT ADDED ENTRY--TOPICAL TERM
Topical Term Linkage map
650 ## - SUBJECT ADDED ENTRY--TOPICAL TERM
Topical Term RFLP
942 ## - ADDED ENTRY ELEMENTS (KOHA)
Koha item type Journals
Holdings
Withdrawn status Lost status Damaged status Not for loan Home library Current library Shelving location Date acquired Serial Enumeration / chronology Koha item type
      Journals RRII Library RRII Library RFLP 17/12/2021 Volume 91, Issue 2 Journals